000 01247naa a22003497a 4500
001 BR7000633
003 BR-BrBNA
005 20240918173406.0
007 ta
008 230509b bl.||||| |||| 00| 0 por d
040 _aBR-BrBNA
_bpor
_cBiblioteca Nacional de Agricultura
041 _a(Pt)
072 _aF25; F60; F00
_b1930
_b3820
090 _aF25 BR7000633
100 1 _aFranco, A.A.
100 1 _aSouto, S.M.
100 1 _aDobereiner, J.
111 1 _a5. Reuniao Latino Americana de Rhizobium
_cRio de Janeiro, GB (Brazil)
_d22 Jul 1970
245 1 _aFontes de nitrogenio para capim pangola (Digitaria decumbens Stent)[adubacao, nodulo, crescimento, consorciacao de cultura, Brasil]
260 3 _aItaguai, RJ (Brasil):
_c1970.
500 _aAnais da 5. Reuniao Latino Americana de Rhizobium Itaguai, RJ (Brasil): 1970. p. 206-218 (BR7000633-AM)F25
650 _aCAPIM PANGOLA
650 _aNITROGENIO
650 _aADUBACAO
650 _aNODULO
650 _aCRESCIMENTO
650 _aCONSORCIACAO DE CULTURA
650 _aPLANTIO
773 0 _tAnais da 5. Reuniao Latino Americana de Rhizobium
_wF25 BR7000633
_gItaguai, RJ (Brasil), 1970. p. 206-218
909 _a202404
_bLucia
_c55
_dLucia Elande
942 _cAM
_2AGRIS
999 _c304361
_d304361